000 00585nam a22001817a 4500
005 20251108164341.0
008 250721s1973 xx 000 0 ara d
082 1 4 _a398.2/لاي
100 1 _aلاين، فردريش فون دير
245 1 0 _aالحكاية الخرافية :
_bنشأتها - مناهج دراستها - فنيتها /
264 1 _aبيروت :
_bدار القلم،
_c1973.
300 _a263ص
650 1 7 _aالأدب الشعبي
650 1 7 _aالخرافات
700 1 _aإبراهيم، نبيلة
_eترجمة
942 _2ddc
_cBK
999 _c10010
_d10010